000 00524nam a2200157 i 4500
001 40308
003 ES-MaACL
005 20230906160205.0
007 t|
008 030305s1971 sp ||||1| spa d
100 1 _aCarrillo Cazares, Alberto.
_935770
245 1 3 _aEl diaconado femenino
_b: la tradicción eclesial y las perspectivas ante el problema del clero latinoamericano /
_cAlberto Carrillo Cazares.
260 _aBilbao :
_bMensajero,
_c[1971]
300 _a226 p. ;
_c20 cm.
852 _aES-MaACL
_jC-46318
_bR.80285
999 _c40308
_d40308